00277pab a2200097 454500008003600000100002300036245006500059650002100124650001900145773001500164180718b xxu||||| |||| 00| 0 eng d aKabra, Kamal Nayan aEconomic survey & union budget: magna carta of marketisation a Economic Survey aBudget - India aMainstream